000 00711nam a2200205Ia 4500
003 GCL
008 140319s9999 xx 000 0 ara d
040 _aGCL /
_cGCL
082 0 4 _aق
_b962.031
_bع ص
100 1 _aعمر طوسون
245 1 0 _aصفحة من تاريخ مصر فى عهد محمد على :
_bالجيش المصرى البرى والبحرى /
_cعمر طوسون
260 _aالقاهرة :
_bدار الكتب المصرية ،
_c1940
300 _a249 ؛
_c24 سم
490 _a
650 0 4 _aمصر
650 0 4 _aالتاريخ
650 0 4 _aالجيش
650 0 4 _aمصر - تاريخ - العصر الحديث - عصر محمد على ( 1805- 1849 م )
942 _2ddc
_cBK
999 _c58889
_d58889